Khả năng tách loại chất béo từ thịt vụn cá tra - ứng dụng chế biến sản phẩm dạng nhũ tương lạnh đông ăn liền : Luận văn tốt nghiệp Thạc sĩ. Chuyên ngành: Công nghệ thực phẩm và đồ uống

Đề tài nghiên cứu khả năng cải thiện cấu trúc bằng cách làm giàu protein của sản phẩm thông qua tách béo, tiền xử lý lạnh đông nguyên liệu nhằm tạo ra sản phẩm dạng nhũ tương lạnh đông có chất lượng tốt....

ver descrição completa

Na minha lista:
Detalhes bibliográficos
Autor principal: Vương, Bảo Ngọc
Formato: Livro
Idioma:Undetermined
Publicado em: Cần Thơ Trường Đại học Cần Thơ 2010
Assuntos:
Tags: Adicionar Tag
Sem tags, seja o primeiro a adicionar uma tag!
Thư viện lưu trữ: Trung tâm Học liệu Trường Đại học Cần Thơ
LEADER 01286nam a2200217Ia 4500
001 CTU_160565
008 210402s9999 xx 000 0 und d
082 |a 664.02 
082 |b Ng419 
088 |a 60540101 
100 |a Vương, Bảo Ngọc 
245 0 |a Khả năng tách loại chất béo từ thịt vụn cá tra - ứng dụng chế biến sản phẩm dạng nhũ tương lạnh đông ăn liền : 
245 0 |b Luận văn tốt nghiệp Thạc sĩ. Chuyên ngành: Công nghệ thực phẩm và đồ uống 
245 0 |c Vương Bảo Ngọc; Nguyễn Văn Mười( Hướng dẫn Khoa học) 
260 |a Cần Thơ 
260 |b Trường Đại học Cần Thơ 
260 |c 2010 
520 |a Đề tài nghiên cứu khả năng cải thiện cấu trúc bằng cách làm giàu protein của sản phẩm thông qua tách béo, tiền xử lý lạnh đông nguyên liệu nhằm tạo ra sản phẩm dạng nhũ tương lạnh đông có chất lượng tốt. 
650 |a Catfishes,Cá da trơn,Công nghệ thực phẩm,Food technology 
904 |i Năm, Thuỳ 
980 |a Trung tâm Học liệu Trường Đại học Cần Thơ